Responses for Show #5861 - Monday, February 22, 2010

Contestants

[<< previous game]

Matt MacGregor, a poker room supervisor from Westminster, Colorado

Ginny Bartlett, a parish administrator from Bath, Maine

Elizabeth Galoozis, a reference librarian from Cambridge, Massachusetts (whose 2-day cash winnings total $38,801)

[next game >>]

Jeopardy! Round responses

"NORTH"ERN GEOGRAPHY
BEHIND THE SCENES
U.S. COMMEMORATIVE COINS
LIBROS EN ESPAÑOL
SUITE TALK
INSTRUMENTAL WORDS
    $200 9
(Ginny: What is Nebraska?)
...
(Alex: Yes, remember, "north" is comin' up in each correct response. Ginny forgot that.)
[Ginny groans]

North Dakota

GinnyMatt
    $200 8
Ben-Hur

Ginny
    $200 26
Edison

Elizabeth
    $200 1
A Farewell to Arms

Matt
    $200 21
New Orleans

Ginny
    $200 6
fiddling

Elizabeth
    $400 10
(Elizabeth: What is the Northwest Passage?)

the Northeast Passage

Elizabeth
Triple Stumper
    $400 17
Spielberg

Ginny
    $400 27
the buffalo

Matt
    $400 2
To Kill a Mockingbird

Matt
    $400 22
London

Elizabeth
    $400 7
hornrims

Ginny
    $600 11
Northern Ireland

Matt
    $600 18
Lauren Bacall

Ginny
    $2,000 28
Christopher Columbus

Matt
    $600 3
New Moon

Matt
    $600 23
the Waldorf Astoria

Ginny
    $600 14
an organ donor

Elizabeth
    $800 12
(Matt: What's the North Shore?)

the North Slope

Matt
Triple Stumper
    $800 19
James Dean & Natalie Wood

Elizabeth
    $800 29
Semper fi

Matt
    $800 4
The Green Mile

Elizabeth
    $800 24
the Ritz-Carlton

Matt
    $800 15
a flute

Elizabeth
    $1000 13
Northfield

Elizabeth
    $1000 20
(Ginny: What is The Wild Bunch? [Shakes head, sure she's wrong])
...
(Alex: What is [*]? World War II film.)

The Great Escape

Ginny
Triple Stumper
    $1000 30
Little Rock

Elizabeth
    $1000 5
The Kite Runner

Elizabeth
    $1000 25
Yosemite

Matt
    $1000 16
trumpet

Triple Stumper

Scores at the first commercial break (after clue 15):

Elizabeth Ginny Matt
$4,000 $400 $1,200

Scores at the end of the Jeopardy! Round:

Elizabeth Ginny Matt
$6,400 $1,200 $6,200

Double Jeopardy! Round responses

"G" IN THE GOOD BOOK
WRITTEN COMMUNICATION
MIXED DRINKS
WORLD WAR I
THE CENTRAL POWERS
(Alex: And not THE ALLIES, but...)
THE ALLOYS
    $400 1
a gentile

Elizabeth
    $400 2
(Ginny: What is instant messenging...)
(Alex: [Interrupting]:Yes)
(Ginny: ...messenge-ing...)
(Alex: It's tough to say. I have those problems quite often.)

instant messaging

Ginny
    $400 26
martini

Matt
    $400 8
Austria-Hungary

Matt
    $400 14
the Cardinals

Matt
    $400 13
aluminum

Ginny
    $800 3
grace

Elizabeth
    $800 4
(Alex: I love that Robert Benchley line. It's terrific.)

a telegram

Elizabeth
    $800 27
Manhattan

Elizabeth
    $800 9
the Dardanelles

Elizabeth
    $800 22
Cavaliers

Matt
    $800 15
a star

Matt
    $1200 10
Gilead

Elizabeth
    $3,000 5
(Elizabeth: Um, what are--what is habeas corpus?)

subpoenas

Elizabeth
    $1200 28
margarita

Elizabeth
    $1200 16
Sergeant York

Ginny
    $2,000 23
(Matt: Who were the Chicago Bulls?)
(Alex: Nope. Who are the Chicago...)
(Matt: Bears?)
(Alex: Keep going.)
(Matt: The Chicago Bears?)
(Alex: No.)
(Matt: [Laughs] The [*]!)
(Alex: Yes. Harold Baines is a baseball player, not a basketball player, not a football player, although he may have played both those sports. You're tied with Elizabeth now for the lead.)

(Chicago) White Sox

Matt
    $1200 19
pewter

Ginny
    $1600 11
gall

Elizabeth
    $1600 6
intent

Triple Stumper
    $1600 29
screwdriver

Elizabeth
    $1600 17
(Matt: What's Poland?)

Denmark

Matt
Triple Stumper
    $1600 24
the (Indiana) Pacers

Elizabeth
    $1600 20
brass

Ginny
    $2000 12
(Matt: Who are the Galicians? [Pauses] [*]?)
(Alex: [*], yes, that's...)
(Matt: Who are the [*]?)
(Alex: ...it.)

the Galatians

Matt
    $2000 7
handbills

Ginny
    $2000 30
cosmopolitan

Elizabeth
    $2000 18
Verdun

Triple Stumper
    $2000 25
the Pittsburgh Steelers

Matt
    $2000 21
an electromagnet

Matt

Scores at the end of the Double Jeopardy! Round:

Elizabeth Ginny Matt
$16,200 $8,000 $11,400

[wagering suggestions for these scores]

Final Jeopardy! Round responses

KINGS & LITERATURE
(Alex: So it's up to Elizabeth Galoozis. Do we have [*]? Oh no, it's "Henry Vee and a question mark". Well, Henry VI sometimes walked around with a question mark over his head.)
GinnyWho is Henry VI
$8,000
MattWho is Richard III?
$4,801
ElizabethWho is Henry V?
$6,601
Henry VI

Final scores:

Elizabeth Ginny Matt
$9,599 $16,000 $6,599
2nd place: $2,000 New champion: $16,000 3rd place: $1,000

Game dynamics:

Coryat scores:

Elizabeth Ginny Matt
$19,200 $8,000 $12,000
21 R,
2 W
(including 1 DD)
12 R,
2 W
18 R
(including 1 DD),
3 W
(including 1 DD)

Combined Coryat: $39,200

[game clues] [game scores] [suggest correction]

Game tape date: 2009-12-07
The J! Archive is created by fans, for fans. Scraping, republication, monetization, and malicious use prohibited; this site may use cookies and collect identifying information. See terms. The Jeopardy! game show and all elements thereof, including but not limited to copyright and trademark thereto, are the property of Jeopardy Productions, Inc. and are protected under law. This website is not affiliated with, sponsored by, or operated by Jeopardy Productions, Inc. Join the discussion at JBoard.tv.